000 00843nam a2200289Ia 4500
003 OSt
005 20220912151228.0
006 a|||||r|||| 00| 0
007 ta
008 220909b |||||||| |||| 00| 0 eng d
024 _a55931
037 _cTextual
040 _aCSL
_beng
_cCSL
041 _aeng
082 _aL:424:31p1,N77, L9
100 _aCarter P B Ed.
111 _aInternational Symposium on yersinia enterocolitica (1977 : Yersinia)
245 0 _aProceeding on yersinia enterocolitica
260 _aBasel
_bS Kerger
_c1979
300 _avii, 372p.
_ccm.
490 _aContribution to Microbiology and Immunology; Vol 5
650 _a Virus
650 _aCancer
700 _a Lake S Ed.
942 _hL:424:31p1,N77, L9
_cTEXL
_2CC
999 _c64051
_d64051